000 00692nam a2200289Ia 4500
005 20260324111244.0
008 008 260324s9999 xx 000 0 eng d
020 _a9781003486312
037 _aEBOOK
040 _aCRL
040 _beng
040 _cCRL
041 _2eng
041 _aeng
084 _qCRL
100 _aPaul Chambers; Nithi Nuangjamnong
_91137795
245 0 _aHooch and Hard Liquor in East Asia
245 2 _bA Political Economy
260 _bTaylor and Francis
260 _c2025
365 _a
365 _b230
856 _uhttp://www.taylorfrancis.com/books/9781003486312
942 _cEBOOK
999 _c1726555
_d1726555